[Event "British Universities-ch"]
[Site "Oxford"]
[Date "2010.02.27"]
[Round "3.3"]
[White "Jenicek, Michal"]
[Black "Griffiths, Paul"]
[Result "0-1"]
[WhiteElo "2042"]
[BlackElo "2147"]
[PlyCount "72"]
[EventDate "2010.02.27"]
[EventType "team-swiss"]
[EventRounds "5"]
[EventCountry "ENG"]
[SourceTitle "EXT 2023"]
[Source "ChessBase"]
[SourceDate "2022.10.05"]
[SourceVersion "1"]
[SourceVersionDate "2022.10.05"]
[SourceQuality "1"]
[WhiteTeam "Edinburgh"]
[BlackTeam "Bath"]
[WhiteTeamCountry "SCO"]
[BlackTeamCountry "ENG"]

1. e4 c5 2. Nc3 Nc6 3. g3 g6 4. Bg2 Bg7 5. f4 d6 6. Nf3 Nf6 7. 0-0 0-0 8. d3 a6 9. Ne2 e5 10. c4 Nh5 11. Nc3 exf4 12. gxf4 f5 13. Nd5 fxe4 14. dxe4 Nd4 15. Nxd4 Bxd4+ 16. Kh1 Qh4 17. Qe1 Qg4 18. Bf3 Qh3 19. Bg2 Qg4 20. Bf3 Qh3 21. Bg2 Qd3 22. Rf3 Qc2 23. Rb3 Be6 24. Qd2 Qxd2 25. Bxd2 Bxd5 26. cxd5 Nxf4 27. Bxf4 Rxf4 28. Rf3 Raf8 29. Rxf4 Rxf4 30. Rb1 Rf2 31. a4 Bxb2 32. Bf1 Kg7 33. h3 Kf6 34. Kg1 Bd4 35. Kh1 Ke5 36. Bg2 c4 0-1

[Event "BCF-chT 9899 (4NCL)"]
[Site "England"]
[Date "1999.05.03"]
[Round "11.6"]
[White "Griffiths, Paul"]
[Black "Pein, Malcolm"]
[Result "0-1"]
[WhiteElo "2200"]
[BlackElo "2425"]
[PlyCount "64"]
[EventDate "1998.10.??"]
[EventType "team-tourn"]
[EventRounds "11"]
[EventCountry "ENG"]
[SourceTitle "EXT 2000"]
[Source "ChessBase"]
[SourceDate "1999.11.16"]
[SourceVersion "1"]
[SourceVersionDate "1999.11.16"]
[SourceQuality "1"]
[WhiteTeam "Invicta Knights Maidstone"]
[BlackTeam "Wood Green"]
[WhiteTeamCountry "ENG"]
[BlackTeamCountry "ENG"]

1. c4 g6 2. Nc3 Bg7 3. g3 d6 4. Bg2 e5 5. Nf3 Ne7 6. d4 Nd7 7. 0-0 0-0 8. e4 h6 9. Be3 f5 10. dxe5 dxe5 11. Nd5 c6 12. Nxe7+ Qxe7 13. Qd2 Nb6 14. Rac1 Be6 15. b3 Rfd8 16. Qe2 Qf6 17. exf5 gxf5 18. Bd2 e4 19. Nh4 Qb2 20. Rcd1 Rd4 21. c5 Nd5 22. Qe1 Qxa2 23. Be3 Rxd1 24. Qxd1 Nxe3 25. fxe3 Qxb3 26. Qxb3 Bxb3 27. Nxf5 Bf8 28. Rb1 Bd5 29. Rxb7 a5 30. Nd6 a4 31. Bxe4 Bxe4 32. Nxe4 Bg7 0-1

[Event "Oakham Masters"]
[Site "Oakham"]
[Date "1994.??.??"]
[Round "4"]
[White "Griffiths, Paul"]
[Black "Hennigan, Michael"]
[Result "0-1"]
[WhiteElo "2245"]
[BlackElo "2440"]
[PlyCount "95"]
[EventDate "1994.??.??"]
[EventType "tourn"]
[EventRounds "11"]
[EventCountry "ENG"]
[EventCategory "5"]
[SourceTitle "EXT 2000"]
[Source "ChessBase"]
[SourceDate "1999.11.16"]
[SourceVersion "1"]
[SourceVersionDate "1999.11.16"]
[SourceQuality "1"]

1. b3 e5 2. Bb2 Nc6 3. e3 Nf6 4. c4 d5 5. Nf3 d4 6. exd4 exd4 7. d3 Be7 8. a3 a5 9. g3 0-0 10. Bg2 h6 11. 0-0 Bf5 12. Re1 Qd6 13. Bc1 g5 14. h4 Nh7 15. hxg5 hxg5 16. Nfd2 Rae8 17. Ne4 Qg6 18. Nbd2 g4 19. Bb2 Bd7 20. f4 gxf3 21. Bxf3 Qg7 22. Kg2 f5 23. Nf2 Bd6 24. Bd5+ Kh8 25. Qf3 Ne7 26. Rh1 Nxd5 27. cxd5 Re3 28. Qh5 Rxg3+ 29. Kf1 Be5 30. Nf3 Bf6 31. Re1 c5 32. Bc1 Qf7 33. Ne5 Qxh5 34. Rxh5 Bxe5 35. Rxe5 Rf7 36. Bf4 Rg6 37. Nh3 Kg8 38. Re2 Nf6 39. Rg5 Rxg5 40. Nxg5 Rf8 41. d6 Nd5 42. Bd2 b6 43. Rh2 f4 44. Rh6 Bf5 45. d7 Bxd7 46. Rd6 Rf5 47. Ne4 Ne3+ 48. Ke1 0-1

[Event "Oakham Masters"]
[Site "Oakham"]
[Date "1994.??.??"]
[Round "8"]
[White "Griffiths, Paul"]
[Black "Polak, Tomas"]
[Result "0-1"]
[WhiteElo "2245"]
[BlackElo "2410"]
[PlyCount "110"]
[EventDate "1994.??.??"]
[EventType "tourn"]
[EventRounds "11"]
[EventCountry "ENG"]
[EventCategory "5"]
[SourceTitle "EXT 2000"]
[Source "ChessBase"]
[SourceDate "1999.11.16"]
[SourceVersion "1"]
[SourceVersionDate "1999.11.16"]
[SourceQuality "1"]

1. e4 c6 2. d4 d5 3. exd5 cxd5 4. Nf3 Nf6 5. Bd3 Nc6 6. 0-0 Bg4 7. c3 Qc7 8. Re1 e6 9. Nbd2 Bd6 10. Nf1 0-0 11. Bg5 Nd7 12. Bh4 Kh8 13. Bg3 Bh5 14. Bxd6 Qxd6 15. Ng3 Bg6 16. Bxg6 hxg6 17. Qd2 Kg8 18. h4 Nf6 19. h5 gxh5 20. Qg5 Nh7 21. Qxh5 Qf4 22. Ne2 Qf6 23. Qg4 Qh6 24. g3 Nf6 25. Qf4 Qxf4 26. Nxf4 b5 27. Ne5 Nxe5 28. Rxe5 a5 29. Nd3 b4 30. cxb4 axb4 31. Nc5 Ra7 32. a4 bxa3 33. Rxa3 Rxa3 34. bxa3 Ra8 35. Re3 Kf8 36. Rb3 Ra7 37. Kf1 Ke7 38. Ke2 Nd7 39. Nxd7 Kxd7 40. Ke3 Ke7 41. Kf3 Kf6 42. Ke3 Kf5 43. Kf3 Ra4 44. Rd3 g5 45. g4+ Kg6 46. Kg3 f6 47. Re3 Kf7 48. Rd3 Ke7 49. f4 gxf4+ 50. Kxf4 e5+ 51. Ke3 Ke6 52. Ke2 e4 53. Rd1 Rxa3 54. Kf2 Rf3+ 55. Kg2 Kf7 0-1

[Event "Lloyds Bank op 18th"]
[Site "London"]
[Date "1994.??.??"]
[Round "3"]
[White "Raselli, Claudio"]
[Black "Griffiths, Paul"]
[Result "1/2-1/2"]
[WhiteElo "2035"]
[BlackElo "2245"]
[PlyCount "65"]
[EventDate "1994.08.??"]
[EventType "swiss"]
[EventRounds "10"]
[EventCountry "ENG"]
[SourceTitle "EXT 2000"]
[Source "ChessBase"]
[SourceDate "1999.11.16"]
[SourceVersion "1"]
[SourceVersionDate "1999.11.16"]
[SourceQuality "1"]

1. c4 Nf6 2. Nf3 e6 3. g3 d5 4. d4 c6 5. cxd5 exd5 6. Bg2 Bd6 7. 0-0 Bf5 8. Nc3 Nbd7 9. Nh4 Bg6 10. Nxg6 hxg6 11. Bg5 Qb6 12. Rb1 Nf8 13. e4 Nxe4 14. Nxe4 dxe4 15. Bxe4 Ne6 16. Be3 0-0-0 17. d5 Bc5 18. Bxc5 Nxc5 19. Bg2 cxd5 20. b4 Ne6 21. a4 Kb8 22. Qf3 f5 23. Rfd1 Nc7 24. a5 Qb5 25. Rdc1 Ne6 26. Bf1 Qd7 27. b5 Ka8 28. a6 b6 29. Bg2 Ng5 30. Qf4 Ne6 31. Qf3 Ng5 32. Qf4 Ne6 33. Qf3 1/2-1/2

[Event "Oakham Masters"]
[Site "Oakham"]
[Date "1994.??.??"]
[Round "7"]
[White "Turner, Matthew"]
[Black "Griffiths, Paul"]
[Result "1-0"]
[WhiteElo "2395"]
[BlackElo "2245"]
[PlyCount "57"]
[EventDate "1994.??.??"]
[EventType "tourn"]
[EventRounds "11"]
[EventCountry "ENG"]
[EventCategory "5"]
[SourceTitle "EXT 2000"]
[Source "ChessBase"]
[SourceDate "1999.11.16"]
[SourceVersion "1"]
[SourceVersionDate "1999.11.16"]
[SourceQuality "1"]

1. e4 e5 2. Nf3 Nc6 3. Bb5 a6 4. Ba4 Nf6 5. 0-0 b5 6. Bb3 d6 7. d3 Be7 8. a4 b4 9. a5 0-0 10. Nbd2 Rb8 11. Bc4 Na7 12. Re1 Nb5 13. h3 c6 14. Nf1 Nc7 15. d4 Nd7 16. Ne3 c5 17. dxe5 Nxe5 18. Nxe5 dxe5 19. Ng4 Qd6 20. Qxd6 Bxd6 21. Rd1 h5 22. Nh6+ gxh6 23. Rxd6 Be6 24. Bxa6 Nxa6 25. Rxa6 Rfc8 26. Bxh6 Rb7 27. Bf4 Kf8 28. Rb6 Ra7 29. a6 1-0

[Event "Oakham Masters"]
[Site "Oakham"]
[Date "1994.??.??"]
[Round "5"]
[White "Webster, Andrew"]
[Black "Griffiths, Paul"]
[Result "1/2-1/2"]
[WhiteElo "2395"]
[BlackElo "2245"]
[PlyCount "52"]
[EventDate "1994.??.??"]
[EventType "tourn"]
[EventRounds "11"]
[EventCountry "ENG"]
[EventCategory "5"]
[SourceTitle "EXT 2000"]
[Source "ChessBase"]
[SourceDate "1999.11.16"]
[SourceVersion "1"]
[SourceVersionDate "1999.11.16"]
[SourceQuality "1"]

1. c4 Nf6 2. g3 e6 3. Bg2 d5 4. Nf3 dxc4 5. Qa4+ Nbd7 6. 0-0 c5 7. Qxc4 b6 8. Nc3 Bb7 9. e4 a6 10. a4 Bd6 11. Re1 Ne5 12. Nxe5 Bxe5 13. a5 Bd4 14. axb6 Qxb6 15. Ne2 0-0 16. Nxd4 cxd4 17. b4 Rfc8 18. Qb3 Rc7 19. Bb2 e5 20. Ra5 Re8 21. d3 Bc6 22. Rc5 Rb7 23. Rcc1 Qxb4 24. Qxb4 Rxb4 25. Bxd4 Rxd4 26. Rxc6 Rxd3 1/2-1/2

[Event "Lloyds Bank op 17th"]
[Site "London"]
[Date "1993.??.??"]
[Round "7"]
[White "Griffiths, Paul"]
[Black "Morris, Philip"]
[Result "1/2-1/2"]
[WhiteElo "2280"]
[BlackElo "2380"]
[PlyCount "35"]
[EventDate "1993.08.??"]
[EventType "swiss"]
[EventRounds "10"]
[EventCountry "ENG"]
[SourceTitle "EXT 1998"]
[Source "ChessBase"]
[SourceDate "1997.11.17"]
[SourceVersion "1"]
[SourceVersionDate "1997.11.17"]
[SourceQuality "1"]

1. e4 e5 2. Nf3 Nc6 3. d4 exd4 4. Nxd4 Nf6 5. Nc3 Bb4 6. Nxc6 bxc6 7. Bd3 d5 8. exd5 cxd5 9. 0-0 0-0 10. Bg5 c6 11. Qf3 Bd6 12. Rae1 Rb8 13. Nd1 h6 14. Bxf6 Qxf6 15. Qxf6 gxf6 16. b3 a5 17. Ne3 Bb4 18. Re2 1/2-1/2

[Event "Lloyds Bank op 17th"]
[Site "London"]
[Date "1993.??.??"]
[Round "10"]
[White "Griffiths, Paul"]
[Black "Mortazavi, Ali"]
[Result "0-1"]
[WhiteElo "2280"]
[BlackElo "2345"]
[PlyCount "50"]
[EventDate "1993.08.??"]
[EventType "swiss"]
[EventRounds "10"]
[EventCountry "ENG"]
[SourceTitle "EXT 1998"]
[Source "ChessBase"]
[SourceDate "1997.11.17"]
[SourceVersion "1"]
[SourceVersionDate "1997.11.17"]
[SourceQuality "1"]

1. e4 c5 2. Nf3 e6 3. c3 d5 4. exd5 Qxd5 5. d4 Nf6 6. Be2 cxd4 7. cxd4 Nc6 8. 0-0 Be7 9. Nc3 Qd6 10. Bg5 0-0 11. Qa4 Nd5 12. Nxd5 Qxd5 13. Bf4 Bd7 14. Qc4 Qf5 15. Be3 Rac8 16. Qd3 Qxd3 17. Bxd3 Nb4 18. Rfd1 Nxd3 19. Rxd3 Bc6 20. d5 Bxd5 21. Bxa7 Bf6 22. Bd4 Rc7 23. Ne5 Rfc8 24. a3 Rc2 25. Kf1 Bxe5 0-1

[Event "Lloyds Bank op 17th"]
[Site "London"]
[Date "1993.??.??"]
[Round "4"]
[White "King, Daniel J"]
[Black "Griffiths, Paul"]
[Result "1-0"]
[WhiteElo "2455"]
[BlackElo "2280"]
[PlyCount "55"]
[EventDate "1993.08.??"]
[EventType "swiss"]
[EventRounds "10"]
[EventCountry "ENG"]
[SourceTitle "EXT 1998"]
[Source "ChessBase"]
[SourceDate "1997.11.17"]
[SourceVersion "1"]
[SourceVersionDate "1997.11.17"]
[SourceQuality "1"]

1. d4 Nf6 2. c4 e6 3. g3 c5 4. Nf3 b6 5. d5 exd5 6. cxd5 d6 7. Bg2 g6 8. 0-0 Bg7 9. Nc3 0-0 10. Bf4 a6 11. a4 Re8 12. Qd2 Ne4 13. Nxe4 Rxe4 14. Ng5 Rb4 15. Ne4 Rxb2 16. Qe3 Bg4 17. Bf3 Bxf3 18. Qxf3 Rb4 19. Bg5 Qf8 20. Nf6+ Kh8 21. Ra3 Ra7 22. Re3 Re7 23. Ne4 Rd7 24. Nxd6 Qxd6 25. Re8+ Bf8 26. Bh6 Rd8 27. Bxf8 Qxf8 28. Qf6+ 1-0

[Event "Lloyds Bank op 17th"]
[Site "London"]
[Date "1993.??.??"]
[Round "8"]
[White "McEwan, Ken B"]
[Black "Griffiths, Paul"]
[Result "0-1"]
[WhiteElo "2120"]
[BlackElo "2280"]
[PlyCount "72"]
[EventDate "1993.08.??"]
[EventType "swiss"]
[EventRounds "10"]
[EventCountry "ENG"]
[SourceTitle "EXT 1998"]
[Source "ChessBase"]
[SourceDate "1997.11.17"]
[SourceVersion "1"]
[SourceVersionDate "1997.11.17"]
[SourceQuality "1"]

1. e4 e5 2. Nf3 Nc6 3. Bc4 Nf6 4. d3 Be7 5. 0-0 0-0 6. Re1 d6 7. c3 Bg4 8. h3 Bh5 9. Nbd2 Na5 10. Bb5 a6 11. Ba4 b5 12. Bc2 c5 13. Nf1 Re8 14. g4 Bg6 15. Ng3 Nc6 16. h4 h5 17. g5 Nh7 18. Bb3 Qd7 19. Kh2 Kh8 20. Rg1 Rf8 21. Be3 f6 22. Nf5 fxg5 23. Nxe7 Nxe7 24. hxg5 c4 25. dxc4 Bxe4 26. Nh4 g6 27. cxb5 Kg7 28. f3 Bb7 29. f4 Nf5 30. Nxf5+ Rxf5 31. fxe5 Qxb5 32. exd6 Nxg5 33. Qd4+ Kh7 34. c4 Nf3+ 35. Kg3 Nxd4 36. cxb5 Rf3+ 0-1

[Event "BCF-ch 79th"]
[Site "Plymouth"]
[Date "1992.??.??"]
[Round "3"]
[White "Ward, Christopher"]
[Black "Griffiths, Paul"]
[Result "1-0"]
[WhiteElo "2440"]
[BlackElo "2280"]
[PlyCount "49"]
[EventDate "1992.08.??"]
[EventType "swiss"]
[EventRounds "11"]
[EventCountry "ENG"]
[SourceTitle "CBM 030 Extra"]
[Source "ChessBase"]
[SourceDate "1992.11.01"]
[SourceVersion "1"]
[SourceVersionDate "1992.11.01"]
[SourceQuality "1"]

1. d4 Nf6 2. c4 e6 3. Nc3 Bb4 4. g3 0-0 5. Bg2 c5 6. Nf3 Nc6 7. 0-0 d6 8. d5 Ne7 9. Nh4 Bxc3 10. bxc3 e5 11. e4 Nd7 12. Qd3 a6 13. a4 a5 14. f4 f6 15. Bh3 Nb6 16. Be6+ Kh8 17. f5 Qe8 18. g4 g5 19. Nf3 Ng8 20. h4 gxh4 21. Rf2 Qe7 22. Rh2 Qg7 23. Raa2 Bxe6 24. dxe6 Ne7 25. Rxh4 1-0

[Event "Telecom op"]
[Site "Dublin"]
[Date "1991.??.??"]
[Round "?"]
[White "Carton, Patrick"]
[Black "Griffiths, Paul"]
[Result "1/2-1/2"]
[WhiteElo "2250"]
[BlackElo "2280"]
[PlyCount "82"]
[EventDate "1991.03.??"]
[EventType "swiss"]
[EventRounds "9"]
[EventCountry "IRL"]
[SourceTitle "TD"]
[Source "ChessBase"]
[SourceDate "1994.03.01"]
[SourceVersion "1"]
[SourceVersionDate "1994.03.01"]
[SourceQuality "1"]

1. e4 e5 2. Nf3 Nc6 3. Bb5 a6 4. Ba4 Nf6 5. 0-0 Be7 6. Re1 b5 7. Bb3 0-0 8. d4 d6 9. c3 Bg4 10. d5 Nb8 11. Nbd2 Ne8 12. h3 Bh5 13. g4 Bg6 14. Nf1 c5 15. Ng3 Nd7 16. Kg2 Nef6 17. Nh4 Bxe4+ 18. Nxe4 Nxe4 19. Nf5 Nef6 20. f4 g6 21. Nh6+ Kg7 22. g5 Ng8 23. Ng4 exf4 24. Bxf4 Nb6 25. h4 f6 26. Qd2 fxg5 27. hxg5 Rf7 28. Rxe7 Qxe7 29. Re1 Qf8 30. Bg3 Re8 31. Bxd6 Qxd6 32. Rxe8 Rf4 33. Ne5 Rf5 34. Ng4 Ne7 35. Nf6 Nbxd5 36. Bxd5 Nxd5 37. Rg8+ Kf7 38. Rg7+ Kf8 39. Rd7 Nf4+ 40. Kg1 Rxg5+ 41. Kf1 Qxd2 1/2-1/2